Ο εμφύλιος πόλεμος : από τη Βάρκιζα στο Γράμμο (Φεβρουάριος 1945-Αύγουστος 1949)

Αποθηκεύτηκε σε:
Λεπτομέρειες βιβλιογραφικής εγγραφής
Άλλοι συγγραφείς: Νικολακόπουλος, Ηλίας, 1947-2022 (Επιμελητής έκδοσης), Ρήγος, Άλκης, 1946- (Επιμελητής έκδοσης), Ψαλλίδας, Γρηγόριος (Επιμελητής έκδοσης)
Μορφή: Βιβλίο
Γλώσσα:Greek
Δημοσίευση: [Αθήνα] : Θεμέλιο, 2002.
Θέματα:
Ετικέτες: Προσθήκη ετικέτας
Δεν υπάρχουν, Καταχωρήστε ετικέτα πρώτοι!

MARC

LEADER 00000cam a2200000 i 4500
001 1/82570
008 050801s2002####gr | ||| |||| ||gre||
020 |a 9603102938 
035 |l 10079563 
040 |a GR-MY-UA  |b gre  |e aacr 
041 0 |a gre 
082 0 |a 938.774  |2 (22) 
245 1 2 |a Ο εμφύλιος πόλεμος :   |b από τη Βάρκιζα στο Γράμμο (Φεβρουάριος 1945-Αύγουστος 1949) /   |c Ηλίας Νικολακόπουλος-Άλκης Ρήγος-Γρηγόρης Ψαλλίδας επιμέλεια.  
260 |a [Αθήνα] :   |b Θεμέλιο,   |c 2002.  
300 |a 300 σ. ;   |c 24 εκ.  
500 |a Ανακοινώσεις συνεδρίου που πραγματοποιήθηκε στο αμφιθέατρο "Σάκη Καράγιωργα" του Παντείου Πανεπιστημίου, στις 20-23 Οκτωμβρίου 1999, με αφορμή τα πενήντα χρόνια από την λήξη του εμφύλιου πολέμου 
504 |a Περιέχει βιβλιογραφία.  
651 0 |a Greece  |x History  |y Civil War, 1944-1949. 
651 0 |a Greece  |x History  |y Civil War, 1944-1949  |v Personal narratives. 
700 1 |a Νικολακόπουλος, Ηλίας,   |d 1947-2022.  |4 edt 
700 1 |a Ρήγος, Άλκης,   |d 1946-  |4 edt 
700 1 |a Ψαλλίδας, Γρηγόριος.  |4 edt 
852 |a INST  |b LESVOS  |e 20050801  |h 938.774 ΕΜΦ  |p 005100031728  |q 005100031728  |t BK  |y 0 
852 |a INST  |b LESVOS  |c EUDOXUS  |e 20130620  |h 938.774 ΕΜΦ  |p 005100052428  |q 005100052428  |t EDX  |y 0 
852 |a INST  |b LESVOS  |c EUDOXUS  |e 20130620  |h 938.774 ΕΜΦ  |p 005100052429  |q 005100052429  |t EDX  |y 0 
852 |a INST  |b SAMOS  |e 20231020  |h 938. 774 ΕΜΦ  |p 005300047686  |q 005300047686  |t BK  |y 0 
901 |a BIBL1-2005-2 
901 |a BIBL1-2013-2 
909 |a Λ  |b 123842 
909 |a Λ  |b 179350 
909 |a Λ  |b 179351 
920 |a ΕΥΔΟΞΟΣ  |b ΠΑΡΑΓΓΕΛΙΑ  |y ΛΕΣΒΟΣ-ΤΚΑ  |z 2013-04 
920 |a ΕΠΕΑΕΚ ΚΟΙΝΩΝΙΚΗΣ ΑΝΘΡΩΠΟΛΟΓΙΑΣ ΚΑΙ ΙΣΤΟΡΙΑΣ  |y ΛΕΣΒΟΣ  |z 2005-07 
970 |a ΚΑΡΑ  |b ΓΙΑΣΕΜΗ  |z 2005/08/01